000 00706nam a2200289Ia 4500
005 20260324123618.0
008 008 260324s9999 xx 000 0 eng d
020 _a9781315590509
037 _aEBOOK
040 _aCRL
040 _beng
040 _cCRL
041 _2eng
041 _aeng
084 _qCRL
100 _aTimothy A. Johnson
_91170971
245 0 _aJohn Adams's Nixon in China
245 0 _bMusical Analysis, Historical and Political Perspectives
260 _bTaylor and Francis
260 _c2011
365 _a
365 _b240
856 _uhttp://www.taylorfrancis.com/books/9781315590509
942 _cEBOOK
999 _c1764650
_d1764650